Vận dụng lý thuyết kiến tạo vào quá trình dạy học, kiểm tra đánh giá học phần ngữ pháp tiếng việt Sách trợ giúp giảng viên CĐSP
Spremljeno u:
| Glavni autor: | |
|---|---|
| Format: | Knjiga |
| Izdano: |
H.
ĐH Sư phạm
2007
|
| Teme: | |
| Oznake: |
Dodaj oznaku
Bez oznaka, Budi prvi tko označuje ovaj zapis!
|
| Thư viện lưu trữ: | Trung tâm Học liệu Lê Vũ Hùng, Trường Đại học Đồng Tháp |
|---|
| LEADER | 01549pam a22002898a 4500 | ||
|---|---|---|---|
| 001 | 00023256 | ||
| 005 | 20171026081022.0 | ||
| 008 | 110616s2007 ||||||Viesd | ||
| 041 | 0 | # | |a Vie |
| 082 | 1 | 4 | |a 495.922 5 |b V121D |
| 100 | 0 | # | |a Ngô Văn Cảnh |
| 245 | 0 | 0 | |a Vận dụng lý thuyết kiến tạo vào quá trình dạy học, kiểm tra đánh giá học phần ngữ pháp tiếng việt |b Sách trợ giúp giảng viên CĐSP |c Ngô Văn Cảnh |
| 260 | # | # | |a H. |b ĐH Sư phạm |c 2007 |
| 300 | # | # | |a 224 tr. |c 24 cm. |
| 653 | # | # | |a Kiểm tra |
| 653 | # | # | |a Cao đẳng |
| 653 | # | # | |a Ngữ pháp |
| 653 | # | # | |a phương pháp giáo dục |
| 653 | # | # | |a Tiếng việt |
| 653 | # | # | |a Sư phạm |
| 653 | # | # | |a Phương pháp kiểm tra |
| 852 | # | # | |j KD.0009713 |j KGT.0022828 |j KGT.0022830 |j KGT.0022831 |j KGT.0022818 |j KGT.0022819 |j KGT.0022821 |j KGT.0022822 |j KGT.0022824 |j KGT.0022825 |j KGT.0022827 |j KGT.0022820 |j KGT.0022823 |j KGT.0022826 |j KGT.0022829 |
| 852 | # | # | |b Kho đọc |j KD.0009713 |
| 852 | # | # | |b Kho mượn |j KGT.0022818 |
| 852 | # | # | |b Kho giáo trình |j KGT.0022818, KGT.0022819, KGT.0022820, KGT.0022821, KGT.0022822, KGT.0022823, KGT.0022824, KGT.0022825, KGT.0022826, KGT.0022827, KGT.0022828, KGT.0022829, KGT.0022830, KGT.0022831, KGT.0022832, KGT.0022833, KGT.0022834, KGT.0022835, KGT.0022836, KGT.0022837, KGT.0022838, KGT.0022839, KGT.0022840, KGT.0022841 |
| 910 | 0 | # | |a ngoc |d 16/06/2011 |
| 980 | # | # | |a Trung tâm Học liệu Lê Vũ Hùng, Trường Đại học Đồng Tháp |